| 000 | 00420nam a2200121 4500 | ||
|---|---|---|---|
| 999 |
_c10919 _d10919 |
||
| 008 | 180927b ||||| |||| 00| 0 eng d | ||
| 100 |
_931737 _aDe Vela, Juan Carlo |
||
| 245 |
_aUniversity of Cebu students sweep top 10 in naval architect, marine engineer exams/ _cJuan Carlo De Vela |
||
| 260 |
_aPhilippines _bManila Bulletin _cc2017 |
||
| 300 | _apage 13. | ||
| 650 | 0 |
_931738 _aLicensure-Examinations. |
|
| 942 |
_2ddc _cPER |
||